Architecture Form Space & Order (Record no. 5123)

000 -LEADER
fixed length control field 00371nam a2200157Ia 4500
003 - CONTROL NUMBER IDENTIFIER
control field OSt
005 - DATE AND TIME OF LATEST TRANSACTION
control field 20230706124636.0
008 - FIXED-LENGTH DATA ELEMENTS--GENERAL INFORMATION
fixed length control field 200302s9999 xx 000 0 und d
020 ## - INTERNATIONAL STANDARD BOOK NUMBER
International Standard Book Number 9780471752165
100 ## - MAIN ENTRY--PERSONAL NAME
Personal name Francis D. k.Ching
245 ## - TITLE STATEMENT
Title Architecture Form Space & Order
250 ## - EDITION STATEMENT
Edition statement 3rd Ed.
260 ## - PUBLICATION, DISTRIBUTION, ETC. (IMPRINT)
Name of publisher, distributor, etc Van Nostrand Reinhold
260 ## - PUBLICATION, DISTRIBUTION, ETC. (IMPRINT)
Date of publication, distribution, etc 1996
300 ## - PHYSICAL DESCRIPTION
Extent 400 P.,
Holdings
Withdrawn status Lost status Damaged status Koha normalized classification for sorting Not for loan Permanent location Current location Date acquired Cost, normal purchase price Total Checkouts Full call number Barcode Date last seen Date last borrowed Price effective from Koha item type
      720_100000000000000   BMS College of Architecture, Design and Planning BMS College of Architecture, Design and Planning 2020-03-03 1646.39 5 720.1 CL-UGTQ2320 2025-12-05 2025-11-11 2020-03-03 UG Books from CL
      720_100000000000000   BMS College of Architecture, Design and Planning BMS College of Architecture, Design and Planning 2020-03-03 1646.39 5 720.1 CL-UGTQ2832 2025-04-25 2022-09-19 2020-03-03 UG Books from CL
Copyright © 2025, The Librarian, Library and Information Centre, BMSCA D&P, Bengaluru. All Rights Reserved
web counter

Powered by Koha